| 000 | 01799nam a2200241Ia 4500 | ||
|---|---|---|---|
| 003 | Ost | ||
| 005 | 20260416102354.0 | ||
| 008 | 260416s9999||||xx |||||||||||||| ||und|| | ||
| 040 | _cfsecg | ||
| 041 | _aara | ||
| 082 | _a658338.74 | ||
| 100 |
_aبوقلاشي، عماد _eمؤلف |
||
| 245 | 0 |
_aدروس في التسيير العمومي : _bالمناجمنت العمومي / _c عماد بوقلاشي |
|
| 260 |
_aالجزائر _bجامعة الجزائر3: كلية العلوم الإقتصادية، العلوم التجارية وعلوم التسيير _c2019 |
||
| 300 |
_a140 ورقة _bايضاحات _c30 سم |
||
| 504 | _aمراجع ص.133 | ||
| 520 | _aمفهوم الخدمة و خصائصها، الخدمة العمومية؛ دلالة في المفهوم، خصائص الخدمات العمومية، التسيير العمومي؛ مقاربة مفاهيمية، مجال تطبيق التسيير العمومي، المنظور العلائقي للتسيير العمومي، التسيير العمومي؛ أهميته و عناصره وإلتزاماته، التسيير العمومي؛ أنماط وأساليب إدارة الخدمة العمومية، بوادر ظهور مفهوم التسيير العمومي الجديد، التسيير العمومي الجديد؛ قراءة في الأسباب و المبادئ، نماذج من التسيير العمومي و مقاربات إصلاح القطاع العمومي. | ||
| 653 | _aادارة اعمال | ||
| 653 | _aادارة أعمال-القطاع العام | ||
| 653 | _aالادارة العامة | ||
| 710 |
_aجامعة الجزائر3: كلية العلوم الإقتصادية، العلوم التجارية وعلوم التسيير _eناشر علمي |
||
| 942 | _cHANDOUT | ||
| 999 |
_c41149 _d41149 |
||